Normal view
MARC view
- Er. Joby Bastian (Guide)
Entry Personal Name
001 - CONTROL NUMBER
- control field: 3786
003 - CONTROL NUMBER IDENTIFIER
- control field: OSt
005 - DATE AND TIME OF LATEST TRANSACTION
- control field: 20181025102528.0
008 - FIXED-LENGTH DATA ELEMENTS
- fixed length control field: 181025|| aca||aabn | a|a d
040 ## - CATALOGING SOURCE
- Original cataloging agency: OSt
- Transcribing agency: OSt
100 ## - HEADING--PERSONAL NAME
- Personal name: Er. Joby Bastian (Guide)
670 ## - SOURCE DATA FOUND
- Source citation: Work cat.: (OSt)14956: SURESH K.V WARRIER VENUGOPAL T.S XAVIER V.V 3785, Development and performance evaluation of self propelled bush cutter
